000 00872nam a2200241Ia 4500
003 OSt
005 20221005120857.0
006 a|||||r|||| 00| 0
007 ta
008 221004b |||||||| |||| 00| 0 eng d
024 _a70798
037 _cTextual
040 _aCRL
_cCRL
_beng
041 _2eng
_aeng
082 _aY1:351(N8).7a, J8
110 _aLibrary of Congress. Reference (Department of...). Music Division, Recording Laboratory
_9629766
245 0 _aFolk music
_b A catalog of folk songs, ballads, dances, instrumental pieces, and folk tales of the United States and Latin America on photogbraph records
260 _c1958
650 _aSOCIOLOGY
700 _aLibrary of Congress. Reference (Department of...). Music Division, Recording Laboratory
_9629767
942 _hY1:351(N8).7a, J8
_cTEXL
_2cc
999 _c1039390
_d1039390